[Event "Roger Roy mem. U1600"]
[Site "Gatineau CAN"]
[Date "2019.09.17"]
[Round "2"]
[White "Cayen, Jean-Philippe"]
[Black "Berthiaume, Maxime"]
[Result "0-1"]
[WhiteElo "1447"]
[BlackElo "1012"]
[PlyCount "174"]
[EventDate "2019.09.10"]
[EventType "swiss"]
[EventRounds "5"]
[EventCountry "CAN"]

1. g3 e6 2. Bg2 d5 3. e3 Nc6 4. b3 Nf6 5. Bb2 Bd6 6. Ne2 Bd7 7. d3 Qe7 8. Nd2
Nd8 9. c4 c6 10. O-O e5 11. cxd5 cxd5 12. a3 O-O 13. b4 Bc6 14. Nf3 a5 15. bxa5
Rxa5 16. Qd2 Ra6 17. Qc3 Re8 18. Rfc1 Nd7 19. Rcb1 Nb6 20. Qc1 f6 21. Nc3 Ne6
22. Nd2 Nc7 23. Bf1 Rea8 24. d4 R6a7 25. dxe5 fxe5 26. Nf3 d4 27. Nd2 dxc3 28.
Qxc3 Na4 29. Qb3+ Bd5 30. Bc4 Bxc4 31. Nxc4 Nc5 32. Qc3 Nb5 33. Qc2 Nc7 34.
Nxd6 Qxd6 35. Qc4+ Kh8 36. Rd1 Qb6 37. Bxe5 N7a6 38. Bd4 Qc7 39. Rac1 b6 40.
Qb5 h6 41. Rd2 Rc8 42. Rb2 Rb7 43. a4 Qc6 44. Qc4 Rcc7 45. Rcc2 Qe8 46. Qb5 Rc6
47. Qe2 Nc7 48. Qc4 Qe6 49. Qxe6 N7xe6 50. Rc3 Nxd4 51. exd4 Nxa4 52. Rxc6 Nxb2
53. d5 Nd3 54. d6 Ne5 55. Rc7 Rb8 56. d7 Nxd7 57. Rxd7 b5 58. Rd3 Kg8 59. f4
Kf7 60. Kf2 b4 61. Rb3 Ke6 62. Ke3 Kd5 63. Kd3 Kc5 64. h4 Rd8+ 65. Kc2 Kc4 66.
Re3 Rd7 67. Re4+ Rd4 68. Re3 Rd7 69. Re4+ Kb5 70. Re3 Ka4 71. Rf3 Re7 72. Rd3
Re2+ 73. Kd1 Rg2 74. Kc1 b3 75. Re3 Ka3 76. Kd1 Ka2 77. Re7 Rxg3 78. Ra7+ Kb1
79. f5 Kb2 80. Kd2 Rg4 81. Kd1 Kc3 82. Rc7+ Kd3 83. Kc1 Rc4+ 84. Rxc4 Kxc4 85.
Kb2 h5 86. Kc1 Kc3 87. Kb1 b2 0-1

[Event "Roger Roy mem. U1600"]
[Site "Gatineau CAN"]
[Date "2019.09.17"]
[Round "2"]
[White "Ethier, Valori"]
[Black "Sabourin, Yves"]
[Result "0-1"]
[WhiteElo "1417"]
[BlackElo "1440"]
[PlyCount "65"]
[EventDate "2019.09.10"]
[EventType "swiss"]
[EventRounds "5"]
[EventCountry "CAN"]

1. f4 d5 2. b3 Bf5 3. Bb2 Nd7 4. Nf3 Ngf6 5. e3 e6 6. Be2 h5 7. a4 c5 8. Bb5 a6
9. Bxd7+ Nxd7 10. d3 Be7 11. Nbd2 Rg8 12. Ne5 Nxe5 13. fxe5 Bg4 14. Nf3 Bh4+
15. g3 Bg5 16. Qe2 h4 17. O-O Qe7 18. Qf2 hxg3 19. hxg3 Bh5 20. Nxg5 Qxg5 21.
Rae1 O-O-O 22. Qf4 Qe7 23. Ba3 b6 24. Kg2 g5 25. Qf6 Qb7 26. d4 Qc6 27. Kg1
cxd4 28. exd4 Qc3 29. Qf2 Rh8 30. Re3 Qxd4 31. Kg2 Bg6 32. Rb1 Be4+ 33. Kf1 {
et je suis incapable de reconstituer la suite.} 0-1

[Event "Roger Roy mem. U1600"]
[Site "Gatineau CAN"]
[Date "2019.09.17"]
[Round "2"]
[White "Fang, Johnny"]
[Black "Legare, Gilles"]
[Result "1-0"]
[WhiteElo "1169"]
[BlackElo "1065"]
[PlyCount "97"]
[EventDate "2019.09.10"]
[EventType "swiss"]
[EventRounds "5"]
[EventCountry "CAN"]

1. d4 Nf6 2. c4 e6 3. Nc3 d6 4. e4 Be7 5. Bd3 e5 6. d5 a6 7. Be3 b6 8. Nf3 Bd7
9. h3 c6 10. Rc1 c5 11. Ne2 a5 12. a4 Na6 13. Bd2 O-O 14. O-O Nc7 15. Ng3 Nce8
16. Rc3 g6 17. Bh6 Ng7 18. Be3 Re8 19. Ng5 h6 20. Nf3 Nh7 21. Bxh6 Bg5 22. Nxg5
Nxg5 23. Qd2 f6 24. b3 Bxh3 25. Bxg5 Bxg2 26. Bxf6 Qxf6 27. Kxg2 Rf8 28. Be2
Qf4 29. Qxf4 Rxf4 30. Rf3 Nh5 31. Nxh5 gxh5 32. Rxf4 exf4 33. Bxh5 Kg7 34. Kf3
Rf8 35. Rg1+ Kh6 36. Bg4 Kg5 37. Bf5+ Kf6 38. Rg6+ Ke5 39. Re6+ Kd4 40. Rxd6
Rh8 41. Rxb6 Ke5 42. Re6+ Kd4 43. Kxf4 Kc3 44. Rb6 Kd2 45. d6 Ke2 46. f3 Rh2
47. d7 Rf2 48. d8=Q Rxf3+ 49. Ke5 1-0

[Event "Roger Roy mem. U1600"]
[Site "Gatineau CAN"]
[Date "2019.09.17"]
[Round "2"]
[White "Simard, Paul"]
[Black "Villeneuve, Denis"]
[Result "0-1"]
[WhiteElo "1183"]
[BlackElo "1469"]
[PlyCount "46"]
[EventDate "2019.09.10"]
[EventType "swiss"]
[EventRounds "5"]
[EventCountry "CAN"]

1. d4 Nf6 2. c4 e5 3. dxe5 Ng4 4. Be3 Nxe3 5. fxe3 Qh4+ 6. g3 Qxc4 7. Nd2 Qc5
8. Ngf3 Qxe3 9. Qc2 Nc6 10. Nc4 Bb4+ 11. Nfd2 Qc5 12. a3 Bxd2+ 13. Kxd2 Qd5+
14. Ke1 Qxh1 15. h4 O-O 16. Rd1 d5 17. Ne3 d4 18. Nf5 Re8 19. Nxd4 Bh3 20. Kf2
Qh2+ 21. Ke1 Qxg3+ 22. Kd2 Nxd4 23. Qe4 Rad8 0-1

[Event "Roger Roy mem. U1600"]
[Site "Gatineau CAN"]
[Date "2019.09.24"]
[Round "3"]
[White "Kassab, Denise Hannah"]
[Black "Simard, Paul"]
[Result "0-1"]
[WhiteElo "1091"]
[BlackElo "1183"]
[PlyCount "68"]
[EventDate "2019.09.10"]
[EventType "swiss"]
[EventRounds "5"]
[EventCountry "CAN"]

1. e4 e5 2. Nf3 d5 3. Nc3 dxe4 4. Nxe5 Bd6 5. d4 exd3 6. Bxd3 Bxe5 7. O-O Nf6
8. Re1 Nc6 9. Bg5 O-O 10. Be4 Qxd1 11. Raxd1 Nxe4 12. Rxe4 Bf5 13. Rc4 Bxc2 14.
Rd5 Rfe8 15. f4 Bxc3 16. Rxc3 Re2 17. Kf1 Rae8 18. Bh4 Nb4 19. Rd7 Bf5 20.
Rdxc7 Nd5 21. g4 Bxg4 22. R7c5 Nxc3 23. Rxc3 Rxh2 24. Bg3 Rxb2 25. a4 Ra2 26.
Rc4 Be2+ 27. Kg1 Bxc4 28. f5 Bd5 29. a5 Rg2+ 30. Kh1 Rxg3+ 31. Kh2 Rg2+ 32. Kh3
Re5 33. Kh4 Rxf5 34. Kh3 Rh5# 0-1

[Event "Roger Roy mem. U1600"]
[Site "Gatineau CAN"]
[Date "2019.09.24"]
[Round "3"]
[White "Lecorre, Joel"]
[Black "Fang, Johnny"]
[Result "1/2-1/2"]
[WhiteElo "1536"]
[BlackElo "1169"]
[PlyCount "146"]
[EventDate "2019.09.10"]
[EventType "swiss"]
[EventRounds "5"]
[EventCountry "CAN"]

1. e4 e5 2. Nf3 Nc6 3. Bc4 Bc5 4. c3 Nf6 5. d3 d6 6. O-O Na5 7. b4 Nxc4 8. bxc5
Na5 9. Ba3 h6 10. Nbd2 O-O 11. Nb3 Nc6 12. cxd6 cxd6 13. h3 Nh7 14. Qd2 f5 15.
Rfe1 Nf6 16. Rad1 Rf7 17. exf5 Bxf5 18. Nh4 Bh7 19. Nf3 a5 20. Qe3 Nd5 21. Qc1
a4 22. Nbd2 Bxd3 23. Ne4 Bxe4 24. Rxe4 Nf4 25. Bxd6 Nxh3+ 26. Kf1 Qb6 27. Qe3
Qxe3 28. Rxe3 Nf4 29. Nxe5 Nxe5 30. Bxe5 Ng6 31. Bd4 Raf8 32. Rd2 Ne7 33. Bc5
Nf5 34. Rf3 Rc8 35. Rd5 Nh4 36. Rfd3 Kh7 37. Bb4 Ng6 38. Ra5 Nf4 39. Rf3 Rd8
40. Kg1 Rd2 41. a3 b6 42. Rxa4 Rd1+ 43. Kh2 Rf5 44. g4 Rf6 45. Be7 Re6 46.
Rfxf4 Rxe7 47. Rfb4 Re6 48. Ra6 Rdd6 49. a4 Kg6 50. Kg2 Kg5 51. f3 Rd2+ 52. Kg3
Rdd6 53. a5 bxa5 54. Rxa5+ Kg6 55. c4 Rc6 56. Rab5 Re3 57. Rb6 Ree6 58. Rxc6
Rxc6 59. Kf4 Kf6 60. Ke4 Ke6 61. Kd4 Kd6 62. f4 g6 63. Rb5 Ke6 64. Rd5 Rd6 65.
Kc5 Rxd5+ 66. cxd5+ Kd7 67. f5 gxf5 68. gxf5 h5 69. f6 h4 70. d6 Ke6 71. Kc6 h3
72. d7 h2 73. d8=Q h1=Q+ 1/2-1/2

[Event "Roger Roy mem. U1600"]
[Site "Gatineau CAN"]
[Date "2019.09.24"]
[Round "3"]
[White "Zhao, Richie"]
[Black "Arcand, Pierre"]
[Result "1-0"]
[WhiteElo "1245"]
[BlackElo "1159"]
[PlyCount "57"]
[EventDate "2019.09.10"]
[EventType "swiss"]
[EventRounds "5"]
[EventCountry "CAN"]

1. e4 e5 2. Nf3 Nc6 3. Bc4 h6 4. O-O Nf6 5. Nc3 d6 6. d4 Bg4 7. dxe5 Nxe5 8.
Be2 Nxf3+ 9. Bxf3 Bxf3 10. Qxf3 Be7 11. Bf4 O-O 12. Rad1 Nh7 13. e5 Ng5 14. Qg4
Qc8 15. Qg3 dxe5 16. Bxe5 c6 17. f4 f6 18. fxg5 fxe5 19. gxh6 Bf6 20. Rxf6 Qc7
21. Rdf1 Rxf6 22. Rxf6 Rf8 23. Rxf8+ Kxf8 24. h7 Qb6+ 25. Kf1 Qa6+ 26. Ke1 Qb6
27. h8=Q+ Ke7 28. Qxe5+ Kd7 29. Qhe8# 1-0

[Event "Roger Roy mem. U1600"]
[Site "Gatineau CAN"]
[Date "2019.10.01"]
[Round "4"]
[White "Berthiaume, Serge"]
[Black "Cayen, Jean-Philippe"]
[Result "1-0"]
[WhiteElo "1439"]
[BlackElo "1447"]
[PlyCount "77"]
[EventDate "2019.09.10"]
[EventType "swiss"]
[EventRounds "5"]
[EventCountry "CAN"]

1. d4 g6 2. Bf4 Bg7 3. e3 b6 4. Bd3 Bb7 5. Nf3 e6 6. Nbd2 d6 7. c3 Ne7 8. e4
Nd7 9. Qe2 Nc6 10. h4 e5 11. Be3 exd4 12. cxd4 Qe7 13. a3 h6 14. Nb1 Nf6 15.
Nc3 Ng4 16. Nd5 Qd7 17. Bb5 a6 18. Ba4 b5 19. Bb3 Ne7 20. Nc3 O-O 21. O-O-O
Rac8 22. Kb1 Rfe8 23. Nh2 Nxe3 24. fxe3 Nc6 25. Rhf1 Rf8 26. Ng4 Rce8 27. Nd5
Re6 28. Ndf6+ Bxf6 29. Nxf6+ Rxf6 30. Rxf6 Qe7 31. Rxg6+ Kh7 32. Rg4 Na5 33.
Bc2 Nc4 34. e5+ Kh8 35. Rf1 dxe5 36. Qd3 f6 37. Qg6 e4 38. Qxh6+ Qh7 39. Qxf8+
1-0

[Event "Roger Roy mem. U1600"]
[Site "Gatineau CAN"]
[Date "2019.10.01"]
[Round "4"]
[White "Sabourin, Yves"]
[Black "Berthiaume, Maxime"]
[Result "1-0"]
[WhiteElo "1440"]
[BlackElo "1012"]
[PlyCount "71"]
[EventDate "2019.09.10"]
[EventType "swiss"]
[EventRounds "5"]
[EventCountry "CAN"]

1. e4 e5 2. Nf3 Nc6 3. Bc4 Bc5 4. c3 d6 5. b4 Bb6 6. a4 a6 7. d3 Nce7 8. Qb3 f5
9. Bf7+ Kf8 10. Bxg8 Rxg8 11. Ng5 d5 12. Nxh7+ Ke8 13. exd5 Qd6 14. c4 Bd4 15.
Nc3 Qg6 16. Ng5 Rf8 17. h4 f4 18. Qc2 Bf5 19. Ke2 Rd8 20. Rb1 f3+ 21. gxf3 Bg4
22. Nce4 Bxf3+ 23. Nxf3 Qg2 24. Nxd4 exd4 25. Bg5 Rd7 26. Bxe7 Rxe7 27. Rbf1
Qf3+ 28. Kd2 Qf4+ 29. Kd1 Rh8 30. Qd2 Qf5 31. f4 Qd7 32. b5 b6 33. Qb4 a5 34.
Qb2 Kd8 35. Qxd4 c5 36. bxc6 1-0

[Event "Roger Roy mem. U1600"]
[Site "Gatineau CAN"]
[Date "2019.10.01"]
[Round "4"]
[White "Simard, Paul"]
[Black "Fang, Johnny"]
[Result "0-1"]
[WhiteElo "1183"]
[BlackElo "1169"]
[PlyCount "66"]
[EventDate "2019.09.10"]
[EventType "swiss"]
[EventRounds "5"]
[EventCountry "CAN"]

1. d4 Nf6 2. c4 g6 3. Bf4 Bg7 4. e3 O-O 5. Nf3 e6 6. Nc3 d6 7. Be2 Nbd7 8. O-O
b6 9. b4 a5 10. a3 Bb7 11. Qc2 h6 12. h3 Re8 13. b5 e5 14. dxe5 dxe5 15. Bh2
Qe7 16. Rfd1 Rad8 17. Nd2 Nc5 18. f3 e4 19. fxe4 Ncxe4 20. Bf3 Nxc3 21. Bxb7
Nxd1 22. Rxd1 Qxe3+ 23. Kh1 Re7 24. Nf1 Rxd1 25. Qxd1 Qxa3 26. Qd8+ Kh7 27.
Bxc7 Re1 28. Qd2 Rxf1+ 29. Kh2 Qa1 30. g4 Rb1 31. Kg3 Qa3+ 32. Kf4 g5+ 33. Kf5
Qc5+ 0-1

[Event "Roger Roy mem. U1600"]
[Site "Gatineau CAN"]
[Date "2019.10.01"]
[Round "4"]
[White "Villeneuve, Denis"]
[Black "Seguin, Hubert"]
[Result "1-0"]
[WhiteElo "1469"]
[BlackElo "1536"]
[PlyCount "125"]
[EventDate "2019.09.10"]
[EventType "swiss"]
[EventRounds "5"]
[EventCountry "CAN"]

1. e4 c5 2. Nf3 Nc6 3. c3 g6 4. d4 cxd4 5. cxd4 Bg7 6. Nc3 d6 7. Be2 e6 8. O-O
Nge7 9. Bg5 O-O 10. Qd2 a6 11. Rad1 f6 12. Bh4 d5 13. exd5 exd5 14. Qc2 b5 15.
Rfe1 Be6 16. Bxb5 Bf5 17. Bd3 Nb4 18. Qb1 Bxd3 19. Rxd3 Nxd3 20. Qxd3 Re8 21.
Bg3 Qa5 22. Rd1 Nf5 23. Nd2 Nxg3 24. hxg3 Rad8 25. Nb3 Qb6 26. Qf3 Qd6 27. Nc5
f5 28. Nb7 Qc6 29. Nxd8 Rxd8 30. g4 fxg4 31. Qxg4 Qb6 32. Na4 Qb4 33. b3 Re8
34. Qf3 Re4 35. Nc3 Rxd4 36. Rxd4 Bxd4 37. Qxd5+ Kg7 38. Ne4 Qe1+ 39. Kh2 Bxf2
40. Nxf2 Qxf2 41. Qb7+ Kg8 42. Qxa6 Qh4+ 43. Kg1 Qe1+ 44. Qf1 Qe3+ 45. Qf2 Qc1+
46. Qf1 Qe3+ 47. Qf2 Qc1+ 48. Kh2 Qh6+ 49. Kg3 g5 50. Qd4 Qg6 51. a4 h5 52. a5
Qf5 53. a6 h4+ 54. Kh2 g4 55. Qd8+ Kg7 56. Qxh4 Qf4+ 57. Kg1 Qc1+ 58. Kf2 Qf4+
59. Ke2 Qe4+ 60. Kf1 Qd3+ 61. Kg1 Qd1+ 62. Kf2 Qd2+ 63. Kg3 1-0

[Event "Roger Roy mem. U1600"]
[Site "Gatineau CAN"]
[Date "2019.10.01"]
[Round "4"]
[White "Zhao, Richie"]
[Black "Lecorre, Joel"]
[Result "1-0"]
[WhiteElo "1245"]
[BlackElo "1536"]
[PlyCount "83"]
[EventDate "2019.09.10"]
[EventType "swiss"]
[EventRounds "5"]
[EventCountry "CAN"]

1. e4 e5 2. Nf3 Nc6 3. Bc4 Bc5 4. Nc3 Nf6 5. d3 a6 6. Bg5 h6 7. Bh4 Bb4 8. a3
Bxc3+ 9. bxc3 d6 10. Qe2 b5 11. Bd5 Bb7 12. d4 g5 13. Nxg5 hxg5 14. Bxg5 Qe7
15. Qf3 Rh6 16. Bxh6 Nxd5 17. exd5 exd4+ 18. Qe2 Qxe2+ 19. Kxe2 Na5 20. cxd4
O-O-O 21. Kd3 Bxd5 22. a4 Bc4+ 23. Kc3 Nc6 24. axb5 Bxb5 25. Kb3 Nxd4+ 26. Kb4
c5+ 27. Ka3 d5 28. Be3 Ne2 29. Rhe1 d4 30. Bd2 Rd5 31. Rab1 Re5 32. c3 dxc3 33.
Bxc3 Nxc3 34. Rxe5 Nxb1+ 35. Kb2 Nd2 36. Rxc5+ Kb7 37. Rf5 Nc4+ 38. Kc3 Nd6 39.
Rd5 Kc6 40. Kd4 f6 41. h4 Bc4 42. Rc5+ 1-0

[Event "Roger Roy mem. U1600"]
[Site "Gatineau CAN"]
[Date "2019.10.08"]
[Round "5"]
[White "Arcand, Pierre"]
[Black "Kassab, Denise Hannah"]
[Result "1-0"]
[WhiteElo "1159"]
[BlackElo "1091"]
[PlyCount "89"]
[EventDate "2019.09.10"]
[EventType "swiss"]
[EventRounds "5"]
[EventCountry "CAN"]

1. e4 e5 2. Nf3 Nc6 3. Bb5 Nf6 4. d3 d5 5. exd5 Qxd5 6. Nc3 Qc5 7. O-O Bg4 8.
Be3 Qd6 9. h3 Bxf3 10. Qxf3 O-O-O 11. Bxc6 Qxc6 12. Qxc6 bxc6 13. Bxa7 Bb4 14.
Be3 Rhe8 15. Ne4 Nxe4 16. dxe4 h5 17. Rad1 Rxd1 18. Rxd1 g5 19. Bxg5 Be7 20.
Bxe7 Rxe7 21. Rf1 c5 22. c4 c6 23. b3 Rd7 24. f3 f6 25. f4 exf4 26. Rxf4 Rd1+
27. Kh2 Rd4 28. Rxf6 Rxe4 29. Rxc6+ Kd7 30. Rxc5 h4 31. a4 Kd6 32. b4 Re2 33.
a5 Ra2 34. Rh5 Ra4 35. c5+ Kc6 36. Rxh4 Kb5 37. Rg4 Ka6 38. h4 Ka7 39. h5 Kb7
40. h6 Ra3 41. h7 Re3 42. h8=Q Ra3 43. Rg6 Rb3 44. Qh7+ Ka8 45. Rg8# 1-0

[Event "Roger Roy mem. U1600"]
[Site "Gatineau CAN"]
[Date "2019.10.08"]
[Round "5"]
[White "Boutin, Michel"]
[Black "Zhao, Richie"]
[Result "0-1"]
[WhiteElo "1126"]
[BlackElo "1245"]
[PlyCount "82"]
[EventDate "2019.09.10"]
[EventType "swiss"]
[EventRounds "5"]
[EventCountry "CAN"]

1. e4 e5 2. Nf3 Nc6 3. Bb5 Nf6 4. d3 d5 5. Nc3 dxe4 6. Nxe4 Nxe4 7. dxe4 Qxd1+
8. Kxd1 Bd7 9. Bd3 Bg4 10. h3 Bh5 11. Re1 Nd4 12. Be2 Nxe2 13. Rxe2 O-O-O+ 14.
Bd2 g6 15. Ke1 g5 16. g4 Bg6 17. Nxg5 Bh6 18. Nf3 Bxd2+ 19. Nxd2 h5 20. f3 hxg4
21. hxg4 c5 22. a4 b6 23. a5 b5 24. Ra3 b4 25. Rb3 f6 26. c3 Bf7 27. c4 Rh1+
28. Kf2 Rd1 29. Ke3 R1xd2 30. Rxd2 Bxc4 31. Rbd3 Bxd3 32. Rxd3 c4 33. Rd2 Rxd2
34. Kxd2 Kc7 35. Kc2 Kc6 36. b3 Kc5 37. bxc4 Kxc4 38. Kb2 b3 39. a6 Kb4 40. Kb1
Kc3 41. Ka1 Kc2 0-1

[Event "Roger Roy mem. U1600"]
[Site "Gatineau CAN"]
[Date "2019.10.08"]
[Round "5"]
[White "Simard, Paul"]
[Black "Berthiaume, Serge"]
[Result "1-0"]
[WhiteElo "1183"]
[BlackElo "1439"]
[PlyCount "57"]
[EventDate "2019.09.10"]
[EventType "swiss"]
[EventRounds "5"]
[EventCountry "CAN"]

1. d4 d5 2. c4 e6 3. a3 c6 4. Bf4 Nf6 5. e3 Ne4 6. Ne2 g5 7. Bxb8 Rxb8 8. Nbc3
Nd6 9. cxd5 exd5 10. Ng3 g4 11. Bd3 h5 12. Qd2 Be6 13. O-O-O b5 14. Na2 Nb7 15.
Qc3 c5 16. dxc5 Nxc5 17. Qxh8 a6 18. Nxh5 Qc7 19. Kb1 Kd7 20. Rc1 Qb6 21. Qd4
Qb7 22. Rxc5 Bxc5 23. Qxc5 Rc8 24. Nf6+ Kd8 25. Qf8+ Kc7 26. Rc1+ Kb8 27. Rxc8+
Qxc8 28. Qxc8+ Kxc8 29. Nb4 1-0

[Event "Roger Roy mem. U1600"]
[Site "Gatineau CAN"]
[Date "2019.10.08"]
[Round "5"]
[White "Villeneuve, Denis"]
[Black "Sabourin, Yves"]
[Result "1/2-1/2"]
[WhiteElo "1469"]
[BlackElo "1440"]
[PlyCount "64"]
[EventDate "2019.09.10"]
[EventType "swiss"]
[EventRounds "5"]
[EventCountry "CAN"]

1. e4 e5 2. Nf3 Nf6 3. d4 exd4 4. e5 Ng8 5. Qxd4 Nc6 6. Qe4 Bb4+ 7. c3 Bc5 8.
b4 Bb6 9. Bc4 Qe7 10. O-O d6 11. Re1 dxe5 12. Nxe5 Nxe5 13. Qxe5 Qxe5 14. Rxe5+
Ne7 15. Ba3 c6 16. b5 Bd8 17. Nd2 f6 18. Re2 Kd7 19. Be6+ Kc7 20. Bxe7 Bxe6 21.
Bxd8+ Raxd8 22. bxc6 bxc6 23. Rxe6 Rxd2 24. Re7+ Rd7 25. Rae1 Rb8 26. R7e2 Rbd8
27. h4 Rd2 28. Rxd2 Rxd2 29. Re7+ Rd7 30. Re2 Rd1+ 31. Kh2 Kd7 32. Rb2 Kc7
1/2-1/2

[Event "Scarborough CC Falling Leaves"]
[Site "Toronto CAN"]
[Date "2019.10.31"]
[Round "1.1"]
[White "Wu, Benjamin"]
[Black "Southam, David"]
[Result "1/2-1/2"]
[WhiteElo "1796"]
[BlackElo "2185"]
[PlyCount "141"]
[EventDate "2019.10.31"]
[EventType "swiss"]
[EventRounds "6"]
[EventCountry "CAN"]

1. e4 e6 2. d4 d5 3. e5 c5 4. c3 Nc6 5. Nf3 Bd7 6. Bd3 Qb6 7. Bc2 cxd4 8. cxd4
Nb4 9. O-O Nxc2 10. Qxc2 Rc8 11. Nc3 Ne7 12. Be3 Nf5 13. Rac1 Be7 14. Rfd1 Nxe3
15. fxe3 O-O 16. Qd2 Bc6 17. Rc2 Qd8 18. Rdc1 Qd7 19. Qf2 f5 20. Qg3 Rfd8 21.
Ne2 Bb5 22. Rxc8 Rxc8 23. Nc3 Bd3 24. Qe1 h6 25. Qd2 Be4 26. Nxe4 fxe4 27.
Rxc8+ Qxc8 28. Ne1 Qc4 29. a3 b6 30. Kf2 Qc8 31. Kg1 Bg5 32. g3 a5 33. h4 Be7
34. Qc2 Qd7 35. Ng2 g5 36. hxg5 hxg5 37. g4 b5 38. Ne1 a4 39. Qc3 Kf7 40. Nc2
Qe8 41. Qd2 Qh8 42. Qh2 Qc8 43. Qe2 Qc6 44. Kf2 Ke8 45. Qd2 Qc4 46. Qc3 Qa2 47.
Qc6+ Kf7 48. Qxb5 Qb1 49. Ne1 Bxa3 50. Qd7+ Be7 51. Qxa4 Qxb2+ 52. Qc2 Qb8 53.
Kg2 Qb5 54. Kf2 Qe8 55. Kg2 Qh8 56. Qf2+ Ke8 57. Nc2 Qh7 58. Ne1 Kd7 59. Nc2
Qg8 60. Qe2 Qb8 61. Ne1 Qb4 62. Kf2 Qa5 63. Qc2 Bb4 64. Qe2 Bxe1+ 65. Qxe1
Qxe1+ 66. Kxe1 Kc6 67. Kd2 Kb6 68. Kc2 Ka5 69. Kc3 Ka4 70. Kc2 Ka5 71. Kc3
1/2-1/2

[Event "Scarborough CC Falling Leaves"]
[Site "Toronto CAN"]
[Date "2019.10.31"]
[Round "1.2"]
[White "Mao, Fengxi"]
[Black "Jacobs, Michael"]
[Result "1-0"]
[WhiteElo "2181"]
[BlackElo "1758"]
[PlyCount "47"]
[EventDate "2019.10.31"]
[EventType "swiss"]
[EventRounds "6"]
[EventCountry "CAN"]

1. b3 d5 2. Bb2 Nc6 3. Nf3 Bg4 4. h3 Bxf3 5. exf3 e5 6. Bb5 Bd6 7. f4 f6 8.
fxe5 fxe5 9. Bxc6+ bxc6 10. O-O Nf6 11. Re1 e4 12. d3 O-O 13. Nc3 Nd7 14. dxe4
Qh4 15. Re2 Qf4 16. g3 Qh6 17. Kg2 Ne5 18. exd5 g5 19. dxc6 g4 20. Qd5+ Rf7 21.
Rh1 Qg6 22. Ne4 Nf3 23. hxg4 Qxg4 24. Nf6+ 1-0

[Event "Scarborough CC Falling Leaves"]
[Site "Toronto CAN"]
[Date "2019.10.31"]
[Round "1.3"]
[White "Leblanc, Miguel"]
[Black "Gao, Raymond"]
[Result "0-1"]
[WhiteElo "1754"]
[BlackElo "2052"]
[PlyCount "70"]
[EventDate "2019.10.31"]
[EventType "swiss"]
[EventRounds "6"]
[EventCountry "CAN"]

1. e4 g6 2. Nf3 b6 3. d3 Bg7 4. Nbd2 Bb7 5. g3 d6 6. Bg2 Nd7 7. Qe2 Ngf6 8. O-O
O-O 9. Re1 e5 10. Nf1 d5 11. Bg5 dxe4 12. dxe4 h6 13. Bxf6 Qxf6 14. h4 Nc5 15.
N3h2 Ba6 16. Qg4 Ne6 17. c3 Nc5 18. Re3 Nd3 19. Rf3 Qc6 20. Ne3 Nxb2 21. h5 Bc8
22. Nf5 gxf5 23. exf5 Qa4 24. Rf4 exf4 25. Bxa8 fxg3 26. Be4 gxh2+ 27. Kxh2 f6
28. Rg1 Qd7 29. Qg6 Kh8 30. Bc6 Qe7 31. Bd5 Nd3 32. Rg4 Nxf2 33. Rg2 Nd3 34.
Rg4 Ne5 35. Re4 Nxg6 0-1

[Event "Scarborough CC Falling Leaves"]
[Site "Toronto CAN"]
[Date "2019.10.31"]
[Round "1.4"]
[White "Cliff, Scott"]
[Black "Tavana, Joseph"]
[Result "0-1"]
[WhiteElo "1870"]
[BlackElo "1752"]
[PlyCount "126"]
[EventDate "2019.10.31"]
[EventType "swiss"]
[EventRounds "6"]
[EventCountry "CAN"]

1. d4 d5 2. c4 e6 3. Nc3 f5 4. g3 Nf6 5. Bg2 c6 6. Nf3 Bd6 7. O-O Nbd7 8. b3
O-O 9. e3 b6 10. Bb2 Bb7 11. Ne2 Qc7 12. Nf4 Rfe8 13. Nd3 dxc4 14. bxc4 Rad8
15. Qc2 c5 16. Nfe5 Bxg2 17. Kxg2 Ng4 18. Nxg4 fxg4 19. f3 Qb7 20. h3 gxf3+ 21.
Rxf3 e5 22. dxe5 Nxe5 23. Nxe5 Bxe5 24. Raf1 Bxb2 25. Qxb2 Rxe3 26. Qf2 Rde8
27. Kg1 Qxf3 28. Qxf3 Rxf3 29. Rxf3 Re1+ 30. Kf2 Rc1 31. Ra3 Rxc4 32. Rxa7 b5
33. Ke3 Rc3+ 34. Kf4 b4 35. h4 c4 36. Rb7 b3 37. axb3 Rxb3 38. Rc7 Rc3 39. g4
Rc1 40. Ke3 c3 41. Kd3 Rg1 42. g5 Rg4 43. Kxc3 Rxh4 44. g6 hxg6 45. Kd3 Rf4 46.
Ke3 Rf7 47. Rc1 Kh7 48. Rh1+ Kg8 49. Ke4 Rf5 50. Ra1 Kf7 51. Ra6 Rf6 52. Ra7+
Kg8 53. Ra1 Rf5 54. Rb1 Kf7 55. Rb6 Ra5 56. Kf4 Ra1 57. Kg4 Re1 58. Kg5 Re5+
59. Kf4 Re6 60. Rb2 Kf6 61. Rb8 g5+ 62. Kf3 Kf5 63. Rf8+ Rf6 0-1

[Event "Scarborough CC Falling Leaves"]
[Site "Toronto CAN"]
[Date "2019.10.31"]
[Round "1.5"]
[White "Uthayakumar, Ronan"]
[Black "Mendoza, Armand Jess"]
[Result "0-1"]
[WhiteElo "1724"]
[BlackElo "1850"]
[PlyCount "98"]
[EventDate "2019.10.31"]
[EventType "swiss"]
[EventRounds "6"]
[EventCountry "CAN"]

1. e4 c5 2. Nf3 d6 3. d4 cxd4 4. Nxd4 Nf6 5. Nc3 a6 6. Be2 e6 7. O-O Bd7 8. Be3
Nc6 9. Qd2 Be7 10. f4 Qc7 11. Rad1 b5 12. a3 Rc8 13. Kh1 Na5 14. Qe1 Nc4 15.
Bxc4 Qxc4 16. Qg3 b4 17. axb4 Qxb4 18. Bc1 Rc4 19. Qd3 Rc5 20. Qxa6 O-O 21. Na2
Qb8 22. Qd3 Rfc8 23. Nc3 Qb7 24. Rf3 Rh5 25. Re1 Ng4 26. h3 Bf6 27. Kg1 Nh6 28.
g4 Ra5 29. g5 Bxd4+ 30. Qxd4 Nf5 31. Qd1 Qb6+ 32. Kh2 Nh4 33. Rfe3 Ng6 34. Qg4
Ra1 35. f5 Ne5 36. Qe2 exf5 37. Nd5 Qd8 38. exf5 Bxf5 39. c4 h6 40. gxh6 Qh4
41. Bd2 Ng4+ 42. Kg2 Nxe3+ 43. Qxe3 Rxe1 44. Bxe1 Qe4+ 45. Kg3 Rxc4 46. Ne7+
Kh7 47. Nxf5 Qxf5 48. hxg7 Re4 49. Qf3 Qxf3+ 0-1

[Event "Scarborough CC Falling Leaves"]
[Site "Toronto CAN"]
[Date "2019.11.07"]
[Round "2.1"]
[White "Mendoza, Armand Jess"]
[Black "Mao, Fengxi"]
[Result "1/2-1/2"]
[WhiteElo "1850"]
[BlackElo "2181"]
[PlyCount "77"]
[EventDate "2019.10.31"]
[EventType "swiss"]
[EventRounds "6"]
[EventCountry "CAN"]

1. d4 b5 2. e4 Bb7 3. Bd3 e6 4. Qe2 a6 5. f4 c5 6. c3 cxd4 7. cxd4 Nc6 8. Nf3
Nb4 9. O-O Nf6 10. Nbd2 Nxd3 11. Qxd3 Rc8 12. e5 Nd5 13. Ne1 g6 14. a3 Qc7 15.
Ne4 Be7 16. Bd2 Qc4 17. Rc1 Qxd3 18. Rxc8+ Bxc8 19. Nxd3 f5 20. Nec5 Kf7 21. a4
Rd8 22. axb5 axb5 23. Ra1 d6 24. exd6 Rxd6 25. Ra8 Nb6 26. Rb8 Bd8 27. Nb7 Bxb7
28. Rxb7+ Ke8 29. Bc3 Rd7 30. Rb8 Ra7 31. Ne5 Nd5 32. Rxd8+ Kxd8 33. Nc6+ Kc7
34. Nxa7 Kb6 35. Nc8+ Kc7 36. Na7 Kb6 37. Nc8+ Kc7 38. Na7 Kb6 39. Nc8+ 1/2-1/2

[Event "Scarborough CC Falling Leaves"]
[Site "Toronto CAN"]
[Date "2019.11.07"]
[Round "2.2"]
[White "Gao, Raymond"]
[Black "Tavana, Joseph"]
[Result "1/2-1/2"]
[WhiteElo "2052"]
[BlackElo "1752"]
[PlyCount "106"]
[EventDate "2019.10.31"]
[EventType "swiss"]
[EventRounds "6"]
[EventCountry "CAN"]

1. d4 d5 2. Nf3 Nf6 3. Bf4 c5 4. c3 e6 5. e3 Nc6 6. Nbd2 Be7 7. Bd3 cxd4 8.
exd4 Nh5 9. Bg3 Nxg3 10. hxg3 g6 11. Ne5 Nxe5 12. dxe5 Qb6 13. Nb3 a5 14. Qe2
Bd7 15. f4 O-O-O 16. Qf2 Qxf2+ 17. Kxf2 b6 18. Ke3 Kb7 19. Rac1 f6 20. exf6
Bxf6 21. Rce1 e5 22. fxe5 Bxe5 23. Kd2 Rde8 24. Rhf1 Bxg3 25. Rxe8 Bxe8 26. Be2
Kc7 27. Nd4 Bh4 28. Bf3 Kd6 29. Kc2 Bd7 30. Rd1 Bf6 31. Nb5+ Bxb5 32. Rxd5+ Kc7
33. Rxb5 Re8 34. Rd5 Re5 35. Rd4 g5 36. Rc4+ Rc5 37. Re4 Re5 38. Rc4+ Rc5 39.
Rxc5+ bxc5 40. Kd3 Kb6 41. Kc4 Be5 42. g4 Bf4 43. Kd5 Be3 44. Ke6 Bc1 45. b3 c4
46. bxc4 Kc5 47. Bd5 Bd2 48. Kf6 Bxc3+ 49. Kxg5 Bd2+ 50. Kh5 h6 51. Kg6 a4 52.
Kf5 a3 53. Ke4 Bc1 1/2-1/2